| 000 | 00338nam a22001457a 4500 | ||
|---|---|---|---|
| 003 | SGT | ||
| 020 | _a9788121903691 | ||
| 082 |
_a320 _bMAH |
||
| 100 | _aMAHAJAN , VIDHYA DHAR | ||
| 245 |
_aPOLITICAL THEORY _bPRINCIPLES OF POLITICAL SCIENCE |
||
| 250 | _a5 | ||
| 260 |
_aDELHI _bS CHAND _c2016 |
||
| 300 | _aXII ,825 | ||
| 942 |
_2ddc _cBK _035 |
||
| 999 |
_c19781 _d19781 |
||